000 00633cab a2200229 4500
001 X2556
008 090401t1995 xxu||||| |||| 00| 0 eng d
035 _a(Sirsi) u24978
041 _aeng
245 _aDunlop v SoS Environment & Cambridgeshire CC
260 _c1995
350 _a0
490 _aProperty and Compensation Reports
_v(1995) 70 P&CR 307-321(15)
650 _aBYWAYS
650 _aDUNLOP V SOS ENVIRONMENT & CAMBRIDGESHIRE CC
650 _aFOOTPATHS
650 _aPRIVATE ROADS
650 _aWILDLIFE & COUNTRYSIDE ACT 1981
690 _aTRANSPORT AND COMMUNICATIONS
942 _n0
948 _c04/03/1997
999 _c16751
_d16751